000 00688nam a2200229Ia 4500
003 OSt
005 20221007064616.0
006 a|||||r|||| 00| 0
007 ta
008 221006b |||||||| |||| 00| 0 eng d
024 _a46,157
037 _cTextual
040 _aFLL
_cFLL
_beng
041 _2eng
_aeng
082 _aY15:44.2, Q8
100 _aSHRIVASTAVA Jaya Ed.
_9686030
245 0 _aGender discrimination and inequality in contemporary India
_b Dimensions and voices of protests
260 _aDelhi
_bKalpaz Publications India
_c2018
300 _a377p.
_ccm.
942 _hY15:44.2, Q8
_cTEXL
_2CC
999 _c1134688
_d1134688